000
00330nam a22001337a 4500
999
_c
7830
_d
7830
003
OSt
005
20200522154025.0
008
200522b ||||| |||| 00| 0 eng d
020
_a
9781782210979
082
_a
741.2THO
100
_a
Thorspecken, Thomas
245
_a
Urban sketching : the complete guide to techniques
942
_2
ddc